000 00516nam a2200193Ia 4500
999 _c80173
_d80173
001 69669
003 OSt
005 20220131124618.0
008 151205s9999||||xx |||||||||||||| ||und||
020 _aNA
040 _cPK-LaUMT
082 _a348.5491
_bPAK-
100 _aQayyum, Malik Muhammad
245 _aPakistan suprement court cases [PSC, 1985]
_cQayyum, Malik Muhammad
260 _aLahore,Pakistan:
_bPakistan Study Center Punjab University,
_c1985
300 _a662 p.
546 _aEN
942 _cLPJ
_2ddc